Memoria
Descripción Física:
24 cm
Materias:
Banco Hipotecario de España -- Memòries
MARC
| LEADER | 00000nam a2200000Ia 4500 | ||
|---|---|---|---|
| 001 | 17533 | ||
| 003 | BGR | ||
| 005 | 20260410113652.0 | ||
| 008 | 160829s9999 xx 000 0 cat d | ||
| 080 | |a RF-2-3 | ||
| 110 | 2 | |a Banco Hipotecario de España |9 70570 | |
| 245 | |a Memoria | ||
| 260 | |a Madrid : |b Impr. hijos de M. G. Hernández, [18??] - [19??] | ||
| 300 | |a 24 cm | ||
| 590 | |a Descripció basada en: 1912. | ||
| 590 | |a Prové de 3736, exp. 7 | ||
| 650 | |a Banco Hipotecario de España |x Memòries |9 46715 | ||
| 856 | 4 | |u https://media.diba.cat/diba/fitxers/arxiu/fulletons/bib_17533_1912_baixa.pdf |y Accés lliure | |
| 856 | 4 | |u https://media.diba.cat/diba/fitxers/arxiu/fulletons/bib_17533_1912_baixa.pdf |y Accés lliure | |
| 866 | |a 1912 | ||
| 900 | |a bib_17533_1912_baixa.pdf | ||
| 901 | |a Arxiu | ||
| 942 | |n 1 |2 udc |c MON | ||
| 952 | |0 0 |1 0 |4 0 |6 RF23 |7 1 |9 53406 |a Arxiu |b Arxiu |d 2016-12-01 |l 0 |o RF-2-3 |p 17533 |r 2016-12-01 00:00:00 |w 2016-12-01 |y ARXIU | ||
| 999 | |c 57271 |d 57271 | ||